LEADER 00892nam0-2200313---450 001 990009551690403321 005 20190417094404.0 010 $a978-81-7233-722-3 035 $a000955169 035 $aFED01000955169 035 $a(Aleph)000955169FED01 035 $a000955169 100 $a20120329d2011----km-y0itay50------ba 101 0 $aeng 102 $aIN 105 $aa-------001yy 200 1 $aAgrotechnology for dryland farming$feditor Arvind M. Dhopte 210 $aJodhpur$cScientific publishers$d2011 215 $aXXVIII, 651 p.$cill.$d25 cm 610 0 $aZone aride$aAgrotecnologia 676 $a630.3$v20$zita 702 1$aDhopte,$bArvind M. 801 0$aIT$bUNINA$gRICA$2UNIMARC 901 $aBK 912 $a990009551690403321 952 $a60 630.3 DHOA 2011$b13788$fFAGBC 959 $aFAGBC 996 $aAgrotechnology for dryland farming$9854125 997 $aUNINA LEADER 01053nam0-22002771i-450 001 990001740260403321 005 20190530114250.0 035 $a000174026 035 $aFED01000174026 035 $a(Aleph)000174026FED01 035 $a000174026 100 $a20030910d1989----km-y0itay50------ba 101 0 $aita 200 1 $aConvegno sulle olive da tavola, Sala Conferenze della Camera di Commercio, Industria, Artigianato e Agricoltura, Ascoli Piceno, 25-26 novembre 1988$fAccademia Nazionale dell Olivo 210 $aSpoleto$cAccademia Nazionale dell'Olivo$d1989 215 $a266 p.$d24 cm 610 0 $aOlive 676 $a634.63 710 12$aConvegno sulle olive da tavola$f<1988 ;$eAscoli Piceno>$0492821 801 0$aIT$bUNINA$gRICA$2UNIMARC 901 $aBK 912 $a990001740260403321 952 $a60 634.63 ANOS 1989$b2226$fFAGBC 959 $aFAGBC 996 $aConvegno sulle olive da tavola, Sala Conferenze della Camera di Commercio, Industria, Artigianato e Agricoltura, Ascoli Piceno, 25-26 novembre 1988$9364567 997 $aUNINA